01177nam a2200241Ia 4500001000600000003000900006008004100015040001300056040001300069041001300082100002300095100002900118245001900147245001900166250001100185260001200196260001500208260004900223300004300272500056100315650002800876650003100904E2413IT-RoPAU130308s9999 xx 000 0 und d aIT-RoPAU cIT-RoPAU aITALIANO aBertellini Giorgio gCodice Aut. SPICS: 47895 aEmir Kusturica bEmir Kusturica a1a ed. aFIRENZE bIl Castoro c1996 [1° Ed.:1996 - Ed.Ling.Originale:1996] a"120 p. (prefazione: no ; testo: 120)" aVita e Opere del regista Emir Kusturica, nato a Sarajevo nel 1954. brevi Note introduttive Dello Stesso Regista: Scoperta del Cinema, Esperienza di Praga, Cinema Jugoslavo e Bosnia, Filmare I Colori dei Gitani, Cinema e Nazionalità, Sguardo Sul Futuro. Autore Jugoslavo di Praga, Geniale e visionario , Enfant Prodige del Cinema Europeo, Vincitore di Due Palme d'oro a Cannes. Film Principali: Ti Ricordi di Dolly Bell? (1981), Papà è in Viaggio di Affari (1985), Tempo dei Gitani (1989), Arizoma Dream (1993), Underground (1995). Nota Bibliografica. aAUTORI/OPERE DEL CINEMA eCodice materia Spics: 6807